Sports Quiz

Random Sports or Baseball Quiz
Score 0/63 Timer 15:00
0 Plays Today
Year Player(s) % Correct
2000Derek Jeter
92.9%
1979Willie Stargell
92.9%
1977Reggie Jackson
92.9%
1975Pete Rose
92.9%
1973Reggie Jackson
92.9%
1971Roberto Clemente
92.9%
1970Brooks Robinson
92.9%
1967Bob Gibson
92.9%
1966Frank Robinson
92.9%
1964Bob Gibson
92.9%
2016Ben Zobrist
85.7%
2014Madison Bumgarner
85.7%
2001Curt Schilling
85.7%
1980Mike Schmidt
85.7%
1976Johnny Bench
85.7%
2019Stephen Strasburg
78.6%
2017George Springer
78.6%
2012Pablo Sandoval
78.6%
1997Livan Hernandez
78.6%
1991Jack Morris
78.6%
1990Jose Rijo
78.6%
1989Dave Stewart
78.6%
1956Don Larsen
78.6%
2013David Ortiz
71.4%
2011David Freese
71.4%
2008Cole Hamels
71.4%
2006David Eckstein
71.4%
2004Manny Ramirez
71.4%
2003Josh Beckett
71.4%
1999Mariano Rivera
71.4%
1998Scoot Brosius
71.4%
1995Tom Glavine
71.4%
Year Player(s) % Correct
1993Paul Molitor
71.4%
1988Orel Hershiser
71.4%
1985Bret Saberhagen
71.4%
1984Alan Trammel
71.4%
1972Gene Tenace
71.4%
1968Mickey Lolich
71.4%
1961 Whitey Ford
71.4%
2015Salvador Perez
64.3%
2009Hideki Matsui
64.3%
1986Ray Knight
64.3%
1981Ron Cey
64.3%
1974Rollie Fingers
64.3%
2007Mike Lowell
57.1%
2002Tory Glaus
57.1%
1992Par Borders
57.1%
1987Frank Viola
57.1%
2018 Steve Pearce
50%
2010Edgar Renteria
50%
2005Jermaine Dye
50%
1978Bucky Dent
50%
1960Bobby Richardson
50%
1955Johnny Podres
50%
1996John Wetteland
42.9%
1969Donn Clendenon
42.9%
1982Darrel Porter
35.7%
1962Ralph Terry
35.7%
1983Rick Dempsy
28.6%
1959Larry Sherry
21.4%
1958Bob Turley
21.4%
1965Sandy Kofax
14.3%
1963Sandy Kofax
14.3%
Remove Ads.
Support Sporcle.
Get the best of Sporcle when you Go Orange. This ad-free experience offers more features, more stats, and more fun while also helping to support Sporcle. Thank you for becoming a member.

You're not logged in!

Compare scores with friends on all Sporcle quizzes.
OR
Log In

Sporcle TV

Today on Sporcle TV


Watch our educational content, quiz creation guides, and fun videos on Sporcle TV.

Show Comments

Extras

Created May 15, 2020ReportNominate
Tags:Baseball Quiz

Top Quizzes Today


Score Distribution

Paid Content

Your Account Isn't Verified!

In order to create a playlist on Sporcle, you need to verify the email address you used during registration. Go to your Sporcle Settings to finish the process.

Report this User

Report this user for behavior that violates our Community Guidelines.

Details: